[Event "Zagreb Open 2011 Grupo A"]
[Site "Zagreb CRO"]
[Date "2011.04.13"]
[Round "3.2"]
[White "Papp, Gabor"]
[Black "Palac, Mladen"]
[Result "1/2-1/2"]
[WhiteElo "2539"]
[BlackElo "2586"]
[PlyCount "51"]
[EventDate "2011.04.11"]
[EventType "swiss"]
[EventRounds "9"]
[EventCountry "CRO"]
[Source "lmi"]
[SourceDate "2011.04.11"]

1. e4 c5 2. Nf3 d6 3. d4 cxd4 4. Nxd4 Nf6 5. Nc3 a6 6. Bg5 e6 7. f4 h6 8. Bh4
Qb6 9. Qd2 Qxb2 10. Rb1 Qa3 11. e5 dxe5 12. fxe5 Nd5 13. Nxd5 exd5 14. e6 Bxe6
15. Nxe6 fxe6 16. Bd3 Be7 17. Bg6+ Kd8 18. Bxe7+ Qxe7 19. O-O Nd7 20. Rf7 Qc5+
21. Kh1 Rf8 22. Rxg7 Rf6 23. Rg8+ Rf8 24. Rg7 Rf6 25. Rg8+ Rf8 26. Rg7 1/2-1/2

[Event "Zagreb Open 2011 Grupo A"]
[Site "Zagreb CRO"]
[Date "2011.04.13"]
[Round "3.3"]
[White "Postny, Evgeny"]
[Black "Jovanovic, Zoran"]
[Result "1-0"]
[WhiteElo "2585"]
[BlackElo "2544"]
[PlyCount "121"]
[EventDate "2011.04.11"]
[EventType "swiss"]
[EventRounds "9"]
[EventCountry "CRO"]
[Source "lmi"]
[SourceDate "2011.04.11"]

1. d4 d6 2. Nf3 Nf6 3. c4 g6 4. Nc3 Bg7 5. e4 O-O 6. Be2 e5 7. O-O c6 8. Re1
Na6 9. Bf1 Bg4 10. d5 c5 11. a3 Kh8 12. Bg5 h6 13. Be3 Bd7 14. Qc1 Ng8 15. Nd2
f5 16. f4 g5 17. fxg5 f4 18. gxh6 Nxh6 19. Bf2 Ng4 20. Nf3 Nxf2 21. Kxf2 Bf6
22. Ke2 Nc7 23. Kd2 Bh4 24. Re2 b5 25. b3 Rb8 26. Kc2 bxc4 27. bxc4 Bf6 28. Rb1
Na8 29. Rxb8 Qxb8 30. Kd3 Qd8 31. Rb2 Nb6 32. Be2 Rf7 33. Bd1 Rg7 34. a4 Be8
35. Qa1 Nd7 36. a5 a6 37. Qa2 Qc7 38. Ba4 Bd8 39. Bc6 Qxa5 40. Qxa5 Bxa5 41.
Rb7 Bxc3 42. Kxc3 Nf6 43. Rxg7 Kxg7 44. Bxe8 Nxe8 45. Nh4 Kf7 46. Nf5 Nf6 47.
Kd3 Ne8 48. h4 Kg6 49. Kc2 Kh5 50. Kb3 Kg4 51. Ka4 Nf6 52. Nxd6 Kg3 53. Nf7
Kxg2 54. Nxe5 Kg3 55. d6 Nd7 56. Nd3 f3 57. h5 Ne5 58. d7 Nxd7 59. h6 Nf8 60.
e5 Ng6 61. e6 1-0

[Event "Zagreb Open 2011 Grupo A"]
[Site "Zagreb CRO"]
[Date "2011.04.13"]
[Round "3.4"]
[White "Petkov, Vladimir"]
[Black "Gleizerov, Evgeny"]
[Result "1/2-1/2"]
[WhiteElo "2493"]
[BlackElo "2579"]
[PlyCount "61"]
[EventDate "2011.04.11"]
[EventType "swiss"]
[EventRounds "9"]
[EventCountry "CRO"]
[Source "lmi"]
[SourceDate "2011.04.11"]

1. d4 e6 2. c4 f5 3. Nc3 Nf6 4. Qc2 Be7 5. e3 O-O 6. Bd3 Nc6 7. a3 e5 8. d5 e4
9. dxc6 exd3 10. Qxd3 dxc6 11. Qxd8 Rxd8 12. Nge2 a5 13. b3 Nd7 14. Rb1 Ne5 15.
O-O a4 16. f4 Nd3 17. Nxa4 b5 18. cxb5 cxb5 19. Nac3 Nxc1 20. Rfxc1 Bxa3 21.
Rd1 Bd7 22. b4 c5 23. Nd5 Bxb4 24. Nxb4 cxb4 25. Nd4 Re8 26. Rxb4 Rxe3 27. Nxb5
Bc6 28. Nd4 Be4 29. Kf2 Rea3 30. Rd2 h6 31. Ne2 1/2-1/2

[Event "Zagreb Open 2011 Grupo A"]
[Site "Zagreb CRO"]
[Date "2011.04.13"]
[Round "3.5"]
[White "Greenfeld, Alon"]
[Black "Petrov, Marijan"]
[Result "1-0"]
[WhiteElo "2571"]
[BlackElo "2534"]
[PlyCount "101"]
[EventDate "2011.04.11"]
[EventType "swiss"]
[EventRounds "9"]
[EventCountry "CRO"]
[Source "lmi"]
[SourceDate "2011.04.11"]

1. d4 g6 2. e4 Bg7 3. c4 c5 4. Nf3 Qb6 5. dxc5 Qxc5 6. Be2 d6 7. O-O Bg4 8. Be3
Qc8 9. Nc3 Bxc3 10. bxc3 Nf6 11. c5 dxc5 12. e5 Nfd7 13. Qa4 Bxf3 14. Bxf3 Nc6
15. e6 fxe6 16. Bg4 Nce5 17. Bxe6 Qc6 18. Qxc6 Nxc6 19. Rfd1 Rd8 20. Bh6 Nf8
21. Rxd8+ Nxd8 22. Bg7 Nfxe6 23. Bxh8 Nf7 24. Re1 Nf4 25. Bg7 Kd7 26. Kf1 Kd6
27. Bf8 Ne5 28. Bxe7+ Kd5 29. Bf6 Nc4 30. Re7 b5 31. Bh8 a5 32. Rxh7 Nd2+ 33.
Ke1 Ne4 34. Re7 Nd6 35. g4 Nd3+ 36. Ke2 c4 37. Ke3 b4 38. Ra7 Nc5 39. Rxa5 b3
40. Kd2 Nde4+ 41. Ke2 Nd6 42. Kd1 Kc6 43. Bd4 Nd3 44. Ra6+ Kd5 45. Rb6 Nb2+ 46.
Kc1 Nd3+ 47. Kb1 Ne4 48. axb3 cxb3 49. Rxb3 Nd2+ 50. Kc2 Nxb3 51. Kxd3 1-0

[Event "Zagreb Open 2011 Grupo A"]
[Site "Zagreb CRO"]
[Date "2011.04.13"]
[Round "3.6"]
[White "Ulibin, Mikhail"]
[Black "Kozul, Zdenko"]
[Result "0-1"]
[WhiteElo "2521"]
[BlackElo "2568"]
[PlyCount "114"]
[EventDate "2011.04.11"]
[EventType "swiss"]
[EventRounds "9"]
[EventCountry "CRO"]
[Source "lmi"]
[SourceDate "2011.04.11"]

1. d4 Nf6 2. c4 g6 3. Nc3 Bg7 4. e4 d6 5. Nf3 O-O 6. Be2 e5 7. O-O Nbd7 8. Be3
c6 9. Qc2 Qe7 10. Rad1 b6 11. Rfe1 Bb7 12. Bf1 Rfc8 13. Qd2 Ng4 14. Bg5 f6 15.
Bh4 Nf8 16. h3 Nh6 17. c5 bxc5 18. dxe5 dxe5 19. Bc4+ Nf7 20. Na4 Rcb8 21. Qd6
Qxd6 22. Rxd6 Ba6 23. Bxf7+ Kxf7 24. Rxc6 Bb5 25. Rc7+ Kg8 26. Nxc5 Rc8 27.
Rxc8 Rxc8 28. Rc1 Ne6 29. Nb3 Rb8 30. Nfd2 a6 31. f3 Nf4 32. Rc7 Rd8 33. Nc4
Ne6 34. Rxg7+ Kxg7 35. Ne3 Rd3 36. Nd5 g5 37. Be1 Bc4 38. Nc3 Bxb3 39. axb3 Nd4
40. b4 Nc2 41. Kf2 Nxb4 42. Na4 Rd4 43. Nc5 Nd3+ 44. Nxd3 Rxd3 45. Ke2 Rb3 46.
Bc3 h5 47. Kd1 a5 48. Bxa5 Rxb2 49. Bd2 h4 50. Ke2 Kf7 51. Kd3 Ke6 52. Ke3 Kd6
53. Kd3 Kc5 54. Kc3 Ra2 55. Kd3 Kb5 56. Kc3 Ra1 57. Be3 Ra3+ 0-1

[Event "Zagreb Open 2011 Grupo A"]
[Site "Zagreb CRO"]
[Date "2011.04.13"]
[Round "3.7"]
[White "Jovanic, Ognjen"]
[Black "Jankovic, Alojzije"]
[Result "1-0"]
[WhiteElo "2480"]
[BlackElo "2563"]
[PlyCount "97"]
[EventDate "2011.04.11"]
[EventType "swiss"]
[EventRounds "9"]
[EventCountry "CRO"]
[Source "lmi"]
[SourceDate "2011.04.11"]

1. d4 Nf6 2. Nf3 g6 3. Bf4 Bg7 4. e3 d6 5. h3 O-O 6. Be2 c5 7. c3 Nc6 8. O-O
cxd4 9. cxd4 Nd5 10. Bg5 h6 11. Bh4 g5 12. Bg3 e5 13. Nbd2 Nb6 14. dxe5 dxe5
15. Nc4 Nxc4 16. Bxc4 Qe7 17. e4 Rd8 18. Qe2 g4 19. hxg4 Bxg4 20. Qe3 Kh7 21.
Bd5 Bf6 22. Rac1 Bxf3 23. Qxf3 Nd4 24. Qh5 Rg8 25. Kh1 Rg6 26. Rfd1 Rag8 27.
Rxd4 Rxg3 28. Rdc4 R8g5 29. Qh2 Rxg2 30. Qxg2 Rxg2 31. Kxg2 Bh4 32. Rc7 Qg5+
33. Kf1 Bxf2 34. Kxf2 Qd2+ 35. Kf3 Qd3+ 36. Kf2 Qd2+ 37. Kf3 Qd3+ 38. Kg4 Qe2+
39. Kf5 Qh5+ 40. Kf6 Qg6+ 41. Ke7 h5 42. Rf1 Qg2 43. Rxf7+ Kg6 44. Kf8 Qxb2 45.
Rg7+ Kh6 46. Rce7 Qb4 47. Kg8 h4 48. Re6+ Kh5 49. Kh7 1-0

[Event "Zagreb Open 2011 Grupo A"]
[Site "Zagreb CRO"]
[Date "2011.04.13"]
[Round "3.8"]
[White "Banusz, Tamas"]
[Black "Drazic, Sinisa"]
[Result "1-0"]
[WhiteElo "2563"]
[BlackElo "2467"]
[PlyCount "85"]
[EventDate "2011.04.11"]
[EventType "swiss"]
[EventRounds "9"]
[EventCountry "CRO"]
[Source "lmi"]
[SourceDate "2011.04.11"]

1. c4 e6 2. Nf3 d5 3. d4 a6 4. Bg5 Be7 5. Bxe7 Nxe7 6. Qc2 dxc4 7. Qxc4 O-O 8.
Nbd2 Nbc6 9. e3 b6 10. Bd3 Bb7 11. O-O Qb8 12. Rac1 Rd8 13. a3 h6 14. Bb1 Rd7
15. Qc2 Ng6 16. Qa4 b5 17. Qd1 Nce7 18. Qe2 Ra7 19. Ne4 Rd8 20. Nc5 Bd5 21.
Rfd1 a5 22. Bd3 b4 23. a4 Qb6 24. Bb5 Bc6 25. Bc4 Bd5 26. e4 Bxc4 27. Rxc4 Qc6
28. Rdc1 Nc8 29. b3 Qa8 30. Qe3 Nd6 31. R4c2 Re8 32. h4 Re7 33. h5 Nf8 34. Qf4
Qe8 35. e5 Nc8 36. Ne4 Nh7 37. Nf6+ Nxf6 38. exf6 Rd7 39. Ne5 Rd5 40. Qg4 Qf8
41. Rxc7 Rxc7 42. Rxc7 Nd6 43. Nd7 1-0

[Event "Zagreb Open 2011 Grupo A"]
[Site "Zagreb CRO"]
[Date "2011.04.13"]
[Round "3.9"]
[White "Kovacevic, Blazimir"]
[Black "Bosiocic, Marin"]
[Result "0-1"]
[WhiteElo "2466"]
[BlackElo "2561"]
[PlyCount "130"]
[EventDate "2011.04.11"]
[EventType "swiss"]
[EventRounds "9"]
[EventCountry "CRO"]
[Source "lmi"]
[SourceDate "2011.04.11"]

1. Nf3 d5 2. d4 Nc6 3. Bf4 Bg4 4. e3 e6 5. c4 Bd6 6. Bg3 Nge7 7. Nc3 a6 8. cxd5
exd5 9. Be2 O-O 10. O-O Bxg3 11. hxg3 Qd6 12. Na4 Rae8 13. Nc5 Bc8 14. Re1 Nf5
15. Bd3 Nh6 16. Qb1 f5 17. b4 Ng4 18. b5 axb5 19. Bxb5 Rf6 20. Nd3 Rh6 21. a4
Rf8 22. a5 Nd8 23. Qc2 c6 24. a6 bxa6 25. Bxa6 Bd7 26. Qc5 Qg6 27. Nf4 Qf6 28.
Qa7 Be8 29. Rab1 g5 30. Nh3 Nf7 31. Rb8 Rg6 32. Qc7 h6 33. Rb7 c5 34. Bb5 c4
35. Ra1 Qd6 36. Bxe8 Qxc7 37. Rxc7 Rxe8 38. Raa7 Rb8 39. Kf1 Nd6 40. Ra6 Rf6
41. Rac6 Rb1+ 42. Ke2 Nb5 43. Rc8+ Kg7 44. Ne5 Rb2+ 45. Ke1 Nxe5 46. dxe5 Rf7
47. Ra8 Rb7 48. Raa6 Nc7 49. Rg6+ Kf7 50. Raf6+ Ke7 51. Rg7+ Kd8 52. Rd6+ Ke8
53. Rxh6 Rb1+ 54. Ke2 R1b2+ 55. Kf3 g4+ 56. Kf4 Kf8 57. Rg5 Ne6+ 58. Rxe6 gxh3
59. Rxf5+ Rf7 60. Rxf7+ Kxf7 61. Rf6+ Kg8 62. Kf3 h2 63. Rh6 c3 64. e6 c2 65.
e7 Kf7 0-1

[Event "Zagreb Open 2011 Grupo A"]
[Site "Zagreb CRO"]
[Date "2011.04.13"]
[Round "3.10"]
[White "Zelcic, Robert"]
[Black "Smith, Bryan G"]
[Result "1/2-1/2"]
[WhiteElo "2550"]
[BlackElo "2466"]
[PlyCount "118"]
[EventDate "2011.04.11"]
[EventType "swiss"]
[EventRounds "9"]
[EventCountry "CRO"]
[Source "lmi"]
[SourceDate "2011.04.11"]

1. e4 c5 2. Nf3 d6 3. d4 cxd4 4. Qxd4 Nc6 5. Bb5 Bd7 6. Qd3 g6 7. O-O Bg7 8. c4
Nf6 9. h3 O-O 10. Nc3 a6 11. Bxc6 Bxc6 12. Be3 b5 13. cxb5 axb5 14. Nd4 Qc7 15.
a3 Qb7 16. Nxc6 Qxc6 17. e5 dxe5 18. Qxb5 Qxb5 19. Nxb5 Nd5 20. b3 e4 21. Rad1
e6 22. a4 f5 23. Rfe1 Rfc8 24. Rc1 f4 25. Bd2 Rxc1 26. Bxc1 Rc8 27. Nd6 Rc3 28.
Nxe4 Rxb3 29. Bd2 Ra3 30. a5 Bd4 31. Rb1 Ra2 32. Rb8+ Kg7 33. Rb7+ Kg8 34. Kf1
Nf6 35. Nxf6+ Bxf6 36. Rd7 g5 37. Ke1 Ra4 38. Ke2 Bd4 39. g3 e5 40. gxf4 gxf4
41. f3 Ra3 42. Re7 Kh8 43. Re6 Kg7 44. a6 Kf7 45. Rd6 Kg7 46. Bc1 Ra1 47. Rc6
Kf7 48. Kd3 Ra4 49. Ke4 Bb2+ 50. Kf5 Bxc1 51. Rc7+ Ke8 52. a7 Kd8 53. Rxh7 Kc8
54. h4 e4 55. Rh8+ Kb7 56. a8=Q+ Rxa8 57. Rxa8 Kxa8 58. Kxe4 Kb7 59. h5 Kc6
1/2-1/2

[Event "Zagreb Open 2011 Grupo A"]
[Site "Zagreb CRO"]
[Date "2011.04.13"]
[Round "3.11"]
[White "Mrda, Milan"]
[Black "Burmakin, Vladimir"]
[Result "0-1"]
[WhiteElo "2404"]
[BlackElo "2594"]
[PlyCount "62"]
[EventDate "2011.04.11"]
[EventType "swiss"]
[EventRounds "9"]
[EventCountry "CRO"]
[Source "lmi"]
[SourceDate "2011.04.11"]

1. e4 c6 2. d4 d5 3. Nc3 dxe4 4. Nxe4 Nd7 5. Nf3 Ngf6 6. Nxf6+ Nxf6 7. Ne5 Bf5
8. c3 e6 9. g4 Bg6 10. h4 Bd6 11. Qe2 Qb6 12. h5 Be4 13. Nc4 Qc7 14. Nxd6+ Qxd6
15. Rh4 h6 16. g5 hxg5 17. Rxe4 Nxe4 18. Qxe4 Rxh5 19. Qg4 Qh2 20. Bxg5 f5 21.
Qf4 Qg1 22. Bh4 g5 23. Qe5 gxh4 24. Qxe6+ Kf8 25. Qd6+ Kg7 26. O-O-O Qg6 27.
Qe5+ Qf6 28. Qc7+ Qf7 29. Qe5+ Kh7 30. Bc4 Qg7 31. Qe2 Rh6 0-1

[Event "Zagreb Open 2011 Grupo A"]
[Site "Zagreb CRO"]
[Date "2011.04.13"]
[Round "3.12"]
[White "Gajewski, Grzegorz"]
[Black "Pacher, Milan"]
[Result "1-0"]
[WhiteElo "2567"]
[BlackElo "2415"]
[PlyCount "57"]
[EventDate "2011.04.11"]
[EventType "swiss"]
[EventRounds "9"]
[EventCountry "CRO"]
[Source "lmi"]
[SourceDate "2011.04.11"]

1. d4 Nf6 2. c4 e6 3. Nc3 Bb4 4. e3 O-O 5. Bd3 d5 6. a3 Bxc3+ 7. bxc3 b6 8.
cxd5 Qxd5 9. f3 c5 10. e4 Qd7 11. Ne2 Ba6 12. Bxa6 Nxa6 13. Bg5 cxd4 14. Bxf6
gxf6 15. cxd4 Nc7 16. O-O Rfd8 17. Qe1 Nb5 18. Rd1 Rac8 19. Nf4 Nxd4 20. Nh5
Qc7 21. Kh1 Nc6 22. Nxf6+ Kg7 23. Qh4 Qe5 24. Nd7 Qb5 25. a4 Qb2 26. Qg5+ Kh8
27. Nf6 Rxd1 28. Rxd1 Qc2 29. Rg1 1-0

[Event "Zagreb Open 2011 Grupo A"]
[Site "Zagreb CRO"]
[Date "2011.04.13"]
[Round "3.13"]
[White "Jusic, Zdenko"]
[Black "Saric, Ante"]
[Result "0-1"]
[WhiteElo "2373"]
[BlackElo "2491"]
[PlyCount "56"]
[EventDate "2011.04.11"]
[EventType "swiss"]
[EventRounds "9"]
[EventCountry "CRO"]
[Source "lmi"]
[SourceDate "2011.04.11"]

1. e4 e5 2. Nf3 Nf6 3. d4 Nxe4 4. Bd3 d5 5. dxe5 Nc5 6. Be2 Be7 7. O-O O-O 8.
c4 dxc4 9. Bxc4 Be6 10. Bxe6 Nxe6 11. Qa4 Qd7 12. Qg4 Nc6 13. Nc3 Rad8 14. Qg3
f5 15. Bf4 Ncd4 16. Nxd4 Qxd4 17. Be3 f4 18. Qg4 Qxe5 19. Bxa7 Qf5 20. Qxf5
Rxf5 21. a4 Bf6 22. f3 b6 23. Rfd1 Bxc3 24. Rxd8+ Nxd8 25. bxc3 Nc6 26. a5 Rxa5
27. Rxa5 bxa5 28. Bf2 Ne5 0-1

[Event "Zagreb Open 2011 Grupo A"]
[Site "Zagreb CRO"]
[Date "2011.04.13"]
[Round "3.14"]
[White "Bogut, Zeljko"]
[Black "Sale, Srdan"]
[Result "0-1"]
[WhiteElo "2440"]
[BlackElo "2380"]
[PlyCount "96"]
[EventDate "2011.04.11"]
[EventType "swiss"]
[EventRounds "9"]
[EventCountry "CRO"]
[Source "lmi"]
[SourceDate "2011.04.11"]

1. e4 Nf6 2. e5 Nd5 3. d4 d6 4. c4 Nb6 5. Nf3 dxe5 6. Nxe5 N8d7 7. Nf3 Nf6 8.
h3 Bf5 9. Nc3 e6 10. Be3 Be7 11. g4 Bg6 12. Ne5 Ne4 13. Bg2 Nxc3 14. bxc3 c6
15. Qb3 O-O 16. a4 Rb8 17. Bf4 Bd6 18. c5 Bxe5 19. Bxe5 Nd5 20. Bxb8 Qxb8 21.
Bxd5 exd5 22. O-O-O Qf4+ 23. Rd2 b6 24. cxb6 axb6 25. Re1 f5 26. gxf5 Qxf5 27.
Re3 Rb8 28. Rb2 h6 29. Qd1 Qf8 30. Qg4 Kh7 31. Rg3 Be4 32. f3 Bf5 33. Qf4 Re8
34. Rg1 Kh8 35. Rb4 Re2 36. a5 Rc2+ 37. Kd1 Rxc3 38. Qe5 Bg6 39. Rb2 Qxf3+ 40.
Re2 bxa5 41. h4 Rb3 42. Rxg6 Qd3+ 43. Ke1 Qxg6 44. Kf2 Qf7+ 45. Kg1 Qf3 46. Rg2
Qe3+ 47. Qxe3 Rxe3 48. h5 Rh3 0-1

[Event "Zagreb Open 2011 Grupo A"]
[Site "Zagreb CRO"]
[Date "2011.04.13"]
[Round "3.15"]
[White "Zelic, Zdravko"]
[Black "Fercec, Nenad"]
[Result "1-0"]
[WhiteElo "2391"]
[BlackElo "2452"]
[PlyCount "79"]
[EventDate "2011.04.11"]
[EventType "swiss"]
[EventRounds "9"]
[EventCountry "CRO"]
[Source "lmi"]
[SourceDate "2011.04.11"]

1. e4 c5 2. Nc3 a6 3. g3 b5 4. Bg2 Bb7 5. d3 e6 6. f4 Nf6 7. Nf3 b4 8. Ne2 d5
9. e5 Nfd7 10. c3 a5 11. d4 Be7 12. g4 h5 13. gxh5 Rxh5 14. Ng3 Bh4 15. O-O Rh8
16. f5 Be7 17. Be3 Nc6 18. Qd2 cxd4 19. cxd4 Qb6 20. Rac1 O-O-O 21. Bg5 Rde8
22. Qf4 Kb8 23. f6 Bf8 24. fxg7 Bxg7 25. Kh1 Rhf8 26. h4 Ka8 27. Rfe1 f6 28.
exf6 Nxf6 29. Qd6 Ne4 30. Nxe4 dxe4 31. Rxe4 Qb5 32. Rc5 Qd3 33. Re3 Qd1+ 34.
Re1 Qd3 35. Re3 Qd1+ 36. Kh2 Rc8 37. Ree5 Bxe5+ 38. Nxe5 Qe1 39. Rxa5+ Na7 40.
Bxb7+ 1-0

[Event "Zagreb Open 2011 Grupo A"]
[Site "Zagreb CRO"]
[Date "2011.04.13"]
[Round "3.16"]
[White "Stevic, Hrvoje"]
[Black "Banas, Jan"]
[Result "1-0"]
[WhiteElo "2611"]
[BlackElo "2306"]
[PlyCount "69"]
[EventDate "2011.04.11"]
[EventType "swiss"]
[EventRounds "9"]
[EventCountry "CRO"]
[Source "lmi"]
[SourceDate "2011.04.11"]

1. e4 c5 2. d3 Nc6 3. f4 g6 4. Nf3 Bg7 5. Be2 d6 6. O-O Nf6 7. Kh1 O-O 8. Qe1
Nd4 9. Nxd4 cxd4 10. c4 e5 11. Qg3 Ne8 12. f5 gxf5 13. exf5 Kh8 14. Qh3 Bd7 15.
Bf3 Bc6 16. Nd2 Rg8 17. Ne4 Bf8 18. f6 Bd7 19. Qh4 Bf5 20. Ng5 Rxg5 21. Bxg5
Bxd3 22. Be4 Bxe4 23. Qxe4 Nc7 24. Rf3 Ne6 25. Bd2 h6 26. Qh4 Kh7 27. Rh3 Nf4
28. Bxf4 exf4 29. Qxf4 Qa5 30. Qxd4 Re8 31. Re3 Re6 32. Rxe6 fxe6 33. Qe4+ Qf5
34. Qxf5+ exf5 35. Re1 1-0

[Event "Zagreb Open 2011 Grupo A"]
[Site "Zagreb CRO"]
[Date "2011.04.13"]
[Round "3.17"]
[White "Doric, Darko"]
[Black "Brumen, Dinko"]
[Result "1-0"]
[WhiteElo "2464"]
[BlackElo "2351"]
[PlyCount "153"]
[EventDate "2011.04.11"]
[EventType "swiss"]
[EventRounds "9"]
[EventCountry "CRO"]
[Source "lmi"]
[SourceDate "2011.04.11"]

1. d4 Nf6 2. c4 c5 3. d5 b5 4. cxb5 a6 5. bxa6 Bxa6 6. Nc3 g6 7. e4 Bxf1 8.
Kxf1 d6 9. Nf3 Nbd7 10. g3 Bg7 11. h3 O-O 12. Kg2 Qa5 13. Re1 Rfb8 14. Re2 Ne8
15. Bf4 Ra7 16. Rc1 Rab7 17. Rcc2 Qa7 18. b3 Nef6 19. g4 Rd8 20. Qd3 Qa5 21. e5
dxe5 22. Bxe5 Qa8 23. Rcd2 Nb6 24. d6 exd6 25. Bxf6 Bxf6 26. Nd5 Nxd5 27. Qxd5
Re7 28. Qxa8 Rxa8 29. Ng1 Bg5 30. Rc2 Rc7 31. Nf3 Be7 32. Red2 Kf8 33. Rd5 Ra3
34. Kg3 Rca7 35. Rdd2 Bd8 36. Re2 Re7 37. Kf4 f6 38. Ne1 Bb6 39. Ng2 d5 40.
Rxe7 Kxe7 41. Ne3 Ke6 42. Rd2 Bc7+ 43. Kf3 d4 44. Nc4 Ra8 45. Ke4 h5 46. Re2
hxg4 47. hxg4 f5+ 48. Kd3+ Kf6 49. gxf5 gxf5 50. Rc2 Rh8 51. Nb2 Bd6 52. Kc4 f4
53. Nd3 Kf5 54. a4 f3 55. a5 Ra8 56. Ra2 Bc7 57. a6 Bb6 58. Nxc5 Rc8 59. b4 Rd8
60. Rd2 Ke5 61. Rd3 Bxc5 62. Kxc5 Ke4 63. Rd2 Rc8+ 64. Kb6 d3 65. a7 Kd4 66.
Kb7 Rf8 67. a8=Q Rxa8 68. Kxa8 Kc3 69. Rd1 d2 70. b5 Kc2 71. Rxd2+ Kxd2 72. b6
Ke2 73. b7 Kxf2 74. b8=Q Kf1 75. Qb1+ Kg2 76. Qe4 Kg3 77. Qc4 1-0

[Event "Zagreb Open 2011 Grupo A"]
[Site "Zagreb CRO"]
[Date "2011.04.13"]
[Round "3.18"]
[White "Armanda, Ivica"]
[Black "Bukal, Vladimir Jr"]
[Result "1/2-1/2"]
[WhiteElo "2389"]
[BlackElo "2402"]
[PlyCount "85"]
[EventDate "2011.04.11"]
[EventType "swiss"]
[EventRounds "9"]
[EventCountry "CRO"]
[Source "lmi"]
[SourceDate "2011.04.11"]

1. e4 e6 2. d4 d5 3. Nc3 Bb4 4. exd5 exd5 5. Bd3 Nf6 6. a3 Bd6 7. Nge2 O-O 8.
Bg5 c6 9. Qd2 Nbd7 10. Ng3 Re8+ 11. Kf1 Nb6 12. b3 a5 13. Nh5 Be7 14. Nxf6+
Bxf6 15. h4 a4 16. Qf4 axb3 17. cxb3 Be7 18. Bxh7+ Kxh7 19. Qxf7 Bg4 20. Re1
Bf6 21. Re5 Qd7 22. Qxd7 Nxd7 23. Bxf6 gxf6 24. Rxe8 Rxe8 25. f3 Bf5 26. Kf2 b5
27. a4 bxa4 28. bxa4 Bd3 29. a5 Kg6 30. g4 f5 31. Rd1 Ba6 32. Rc1 Nf6 33. g5
Nh5 34. Nxd5 Bb5 35. Nc7 Re2+ 36. Kg1 Ra2 37. Nxb5 cxb5 38. Rc6+ Kg7 39. a6 Nf4
40. Rc7+ Kg6 41. Rc6+ Kg7 42. Rc7+ Kg6 43. Rc6+ 1/2-1/2

[Event "Zagreb Open 2011 Grupo A"]
[Site "Zagreb CRO"]
[Date "2011.04.13"]
[Round "3.19"]
[White "Zufic, Miroslav"]
[Black "Efroimski, Marsel"]
[Result "1-0"]
[WhiteElo "2395"]
[BlackElo "2222"]
[PlyCount "95"]
[EventDate "2011.04.11"]
[EventType "swiss"]
[EventRounds "9"]
[EventCountry "CRO"]
[Source "lmi"]
[SourceDate "2011.04.11"]

1. e4 c6 2. d4 d5 3. e5 Bf5 4. Nf3 e6 5. Be2 Nd7 6. O-O Ne7 7. Nh4 Bg6 8. Nd2
Nc8 9. Nxg6 hxg6 10. f4 Ne7 11. Nf3 c5 12. c3 Qb6 13. Be3 Nf5 14. Bf2 cxd4 15.
cxd4 Rc8 16. Qa4 Ne7 17. b4 Nc6 18. b5 Qa5 19. Qb3 Ne7 20. Rfc1 Nb6 21. Be1 Qa4
22. Bb4 Qxb3 23. axb3 Kd7 24. Bc5 Rc7 25. Rxa7 Nf5 26. Raa1 Bxc5 27. dxc5 Rhc8
28. b4 Ke7 29. Rd1 Nc4 30. Bxc4 dxc4 31. Kf2 Ke8 32. b6 Rd7 33. Rxd7 Kxd7 34.
g4 Ne7 35. Ra7 Nd5 36. Rxb7+ Kc6 37. Rxf7 Nxb4 38. Nd4+ Kd5 39. Rd7+ Ke4 40. b7
Rh8 41. c6 Nd3+ 42. Kg1 Nc5 43. c7 Nxb7 44. Nxe6 Ra8 45. Kf2 Ra2+ 46. Kg3 Ra8
47. Rd4+ Ke3 48. Rxc4 1-0

[Event "Zagreb Open 2011 Grupo A"]
[Site "Zagreb CRO"]
[Date "2011.04.13"]
[Round "3.20"]
[White "Franciskovic, Borka"]
[Black "Loncar, Robert"]
[Result "0-1"]
[WhiteElo "2302"]
[BlackElo "2394"]
[PlyCount "102"]
[EventDate "2011.04.11"]
[EventType "swiss"]
[EventRounds "9"]
[EventCountry "CRO"]
[Source "lmi"]
[SourceDate "2011.04.11"]

1. g3 Nf6 2. Bg2 d5 3. Nf3 e6 4. O-O Be7 5. d4 O-O 6. c4 c6 7. Qc2 Nbd7 8. b3
b6 9. Rd1 Ba6 10. Nbd2 Rc8 11. e4 c5 12. exd5 exd5 13. Nf1 cxd4 14. Nxd4 b5 15.
Ne3 bxc4 16. bxc4 Bxc4 17. Nxc4 Rxc4 18. Qb2 Bb4 19. Nc6 Qb6 20. Nxb4 Rxb4 21.
Qc2 Re8 22. Ba3 Rc4 23. Qb3 Qc6 24. Rac1 Nb6 25. Rxc4 Nxc4 26. Qc2 Qb5 27. Bc1
Qa5 28. Bd2 Nxd2 29. Qxd2 Qxd2 30. Rxd2 Re1+ 31. Bf1 g5 32. Kg2 g4 33. Bd3 h5
34. f3 Kf8 35. fxg4 hxg4 36. h3 gxh3+ 37. Kxh3 Ke7 38. Kg2 Kd6 39. Rf2 Ng4 40.
Rb2 Ne5 41. Bf1 Nc4 42. Rb7 Re7 43. Rxe7 Kxe7 44. Be2 Kd6 45. Kf3 Ke5 46. Bd3
Kd4 47. Bh7 Kc3 48. Kf4 d4 49. Kg5 d3 50. Be4 Ne5 51. Bxd3 Kxd3 0-1

[Event "Zagreb Open 2011 Grupo A"]
[Site "Zagreb CRO"]
[Date "2011.04.13"]
[Round "3.21"]
[White "Ivekovic, Zvonimir"]
[Black "Rogulj, Branko"]
[Result "1/2-1/2"]
[WhiteElo "2308"]
[BlackElo "2391"]
[PlyCount "119"]
[EventDate "2011.04.11"]
[EventType "swiss"]
[EventRounds "9"]
[EventCountry "CRO"]
[Source "lmi"]
[SourceDate "2011.04.11"]

1. e4 e6 2. d4 d5 3. Nc3 Nf6 4. Bg5 Be7 5. e5 Nfd7 6. Bxe7 Qxe7 7. Qh5 a6 8.
O-O-O c5 9. f4 cxd4 10. Nce2 Nc6 11. Nf3 d3 12. cxd3 Nc5 13. Kb1 Bd7 14. Qg5
Qxg5 15. Nxg5 f6 16. Nf3 fxe5 17. fxe5 O-O 18. Ng3 Be8 19. h4 d4 20. h5 Rf4 21.
Ne2 Rf5 22. Ng3 Rf8 23. Rh4 Rd8 24. Ne2 Rf5 25. Ng3 Rf7 26. Ne2 Rfd7 27. g3 h6
28. Nf4 Rf7 29. Bh3 Bd7 30. Re1 Nxd3 31. Nxd3 Rxf3 32. Nc5 Kf7 33. Nxb7 Rb8 34.
Nc5 Bc8 35. Bg2 Rf2 36. Rf4+ Rxf4 37. gxf4 Ne7 38. Rd1 Nf5 39. Bh3 Ne3 40. Rxd4
Ke7 41. Rd3 Nd5 42. Rg3 Nxf4 43. Rxg7+ Kf8 44. Rg3 Rb5 45. Rf3 Rxc5 46. Rxf4+
Ke7 47. Re4 Bb7 48. Re3 Rc4 49. Rc3 Rxc3 50. bxc3 Bf3 51. Bf1 a5 52. Kb2 Bxh5
53. Kb3 Be8 54. Kc4 Kd8 55. Kc5 Kc7 56. Bh3 Bd7 57. Bg4 a4 58. a3 Bc8 59. c4
Bd7 60. Bh5 1/2-1/2

[Event "Zagreb Open 2011 Grupo A"]
[Site "Zagreb CRO"]
[Date "2011.04.13"]
[Round "3.22"]
[White "Kristovic, Marijan"]
[Black "Dutina, Dario"]
[Result "0-1"]
[WhiteElo "2320"]
[BlackElo "2282"]
[PlyCount "120"]
[EventDate "2011.04.11"]
[EventType "swiss"]
[EventRounds "9"]
[EventCountry "CRO"]
[Source "lmi"]
[SourceDate "2011.04.11"]

1. e4 e5 2. Nf3 Nc6 3. Bb5 a6 4. Ba4 Nf6 5. Bxc6 dxc6 6. d3 Bd6 7. Nbd2 Be6 8.
b3 c5 9. Bb2 Nd7 10. Nc4 f6 11. Ne3 Qe7 12. h3 Nb8 13. g4 Nc6 14. h4 O-O-O 15.
Qe2 Nd4 16. Nxd4 cxd4 17. Nf5 Bb4+ 18. Kf1 Qd7 19. a3 Bd6 20. Nxd6+ cxd6 21. c3
dxc3 22. Bxc3 Bxg4 23. f3 Bh3+ 24. Kf2 Kb8 25. Qe3 Be6 26. Rhc1 Rc8 27. Bb4 d5
28. Qb6 Rc6 29. Rxc6 Qxc6 30. Bd6+ Ka8 31. Qxc6 bxc6 32. Rc1 Kb7 33. exd5 Bxd5
34. f4 exf4 35. Bxf4 Re8 36. b4 Bf7 37. Rg1 g6 38. Rg3 Kb6 39. a4 Bb3 40. Be3+
Kc7 41. a5 Kd7 42. Bd4 Re6 43. Rf3 Ke7 44. Be3 Kf7 45. Rf4 Kg7 46. b5 cxb5 47.
Rd4 Rc6 48. Rd7+ Bf7 49. Bd2 g5 50. hxg5 fxg5 51. Bxg5 b4 52. Rb7 b3 53. Bd2
Kg6 54. Be3 Bd5 55. Rb4 h5 56. Bd4 h4 57. Be5 Kf5 58. Bg7 Rc2+ 59. Ke3 h3 60.
Rf4+ Kg6 0-1